|
|
|
|
| LEADER |
00000naa0a2200000 4500 |
| 001 |
594129 |
| 005 |
20250131133850.0 |
| 035 |
|
|
|a (RuTPU)RU\TPU\tpu\8512
|
| 035 |
|
|
|a RU\TPU\tpu\8481
|
| 090 |
|
|
|a 594129
|
| 100 |
|
|
|a 20020513d1986 k y0rusy50 ca
|
| 101 |
0 |
|
|a rus
|
| 102 |
|
|
|a RU
|
| 200 |
1 |
|
|a Кинетическая модель образования углеводородов в синтезе из CO2H2
|f А. В. Кравцов [и др.]
|
| 320 |
|
|
|a Библиогр.: 7 назв. - Деп. в ОНИИТЭХим г. Черкассы 12.06.86, № 770-ХП-86.
|
| 333 |
|
|
|a В фонде НТБ ТПУ отсутствует
|
| 463 |
|
|
|t Материалы научно-практической конференции "Методы исследования в химии и химической технологии" (Томск, 20-22 мая 1986 г.)
|v С. 48-53
|d 1986
|
| 610 |
1 |
|
|a труды учёных ТПУ
|
| 701 |
|
1 |
|a Кравцов
|b А. В.
|c химик-технолог
|c профессор-консультант Томского политехнического университета, доктор технических наук
|f 1938-
|g Анатолий Васильевич
|3 (RuTPU)RU\TPU\pers\19827
|
| 701 |
|
1 |
|a Ушева
|b Н. В.
|c химик
|c доцент Томского политехнического университета, кандидат химических наук
|f 1948-
|g Наталья Викторовна
|3 (RuTPU)RU\TPU\pers\24906
|
| 701 |
|
1 |
|a Мойзес
|b О. Е.
|c химик-технолог, специалист в области информатики и вычислительной техники
|c доцент Томского политехнического университета, кандидат технических наук
|f 1950-
|g Ольга Ефимовна
|3 (RuTPU)RU\TPU\pers\25862
|9 11730
|
| 701 |
|
1 |
|a Сметанина
|b Е. И.
|c химик
|c доцент Томского политехнического университета, кандидат технических наук
|f 1962-
|g Евгения Ильинична
|3 (RuTPU)RU\TPU\pers\3319
|9 12455
|
| 701 |
|
1 |
|a Клековкина
|b А. В.
|c ХТФ
|f 1963-
|g Алефтина Владимировна
|3 (RuTPU)RU\TPU\pers\3320
|
| 801 |
|
2 |
|a RU
|b 63413507
|c 20120425
|g PSBO
|
| 942 |
|
|
|c BK
|